Vika Wei
N/A
Categories
RMP - Philosophy | 1 | 0 | 0 | 0 | 15 | 60 | 60.00 | 1 | 1 |
Fine Arts - Miscellaneous | 0 | 1 | 0 | 0 | 10 | 69 | 69.00 | 0 | 1 |
Geography - United States | 0 | 1 | 0 | 0 | 10 | 91 | 91.00 | 0 | 0 |
RMP - Christian Practice | 0 | 1 | 0 | 0 | 10 | 119 | 119.00 | 0 | 0 |
RMP - East Asian Religion | 0 | 1 | 0 | 0 | 10 | 105 | 105.00 | 0 | 0 |
RMP - Islam | 0 | 1 | 0 | 0 | 10 | 88 | 88.00 | 0 | 0 |
Social Science - Other | 0 | 1 | 0 | 0 | 10 | 121 | 121.00 | 0 | 0 |
Current Events - U.S. | 0 | 1 | 0 | 0 | 10 | 122 | 122.00 | 0 | 0 |
Science - Chemistry | 0 | 1 | 0 | 0 | 10 | 104 | 104.00 | 0 | 0 |
History - Cross, Historiography, and Miscellaneous | 0 | 0 | 0 | 0 | 0 | 0.00 | 0 | 0 |